| 000 | 01161nam a22004217a 4500 | ||
|---|---|---|---|
| 005 | 20250624141856.0 | ||
| 008 | 250408b |||||||| |||| 00| 0 spa d | ||
| 020 | _a9780136633662 | ||
| 041 | _aING | ||
| 082 | _a004.65 C579c | ||
| 110 | _aCisco Networking Academy | ||
| 245 | _aCCNAv7: introduction to networks (ITN) | ||
| 260 | _aEstados Unidos | ||
| 260 | _bCisco Press | ||
| 260 | _c2020 | ||
| 300 | _a700 páginas | ||
| 490 | _aTecnologías de la Información | ||
| 650 | _aTECNOLOGÍAS DE INFORMACIÓN | ||
| 650 | _aNETWORKING | ||
| 650 | _aREDES | ||
| 650 | _aBASIC SWITCH | ||
| 650 | _aCONMUTADORES BÁSICOS | ||
| 650 | _aPROTOCOLS AND MODELS | ||
| 650 | _aPROTOCOLOS Y MODELOS | ||
| 650 | _aNUMBER SYSTEMS | ||
| 650 | _aSISTEMAS NUMÉRICOS | ||
| 650 | _aETHERNET SWITCHING | ||
| 650 | _aCONMUTACIÓN ETHERNET | ||
| 650 | _aNETWORK LAYER | ||
| 650 | _aCAPA DE RED | ||
| 650 | _aIPV4 ADDRESSING | ||
| 650 | _aDIRRECIONAMIENTO IPV4 | ||
| 650 | _aIPV6 ADDRESSING | ||
| 650 | _aDIRECCIONAMIENTO IPV6 | ||
| 650 | _aNETWORK SECURITY FUNDAMENTALS | ||
| 650 | _aFUNDAMENTOS DE SEGURIDAD DE RED | ||
| 942 |
_2ddc _cBK |
||
| 999 |
_c13766 _d13766 |
||